<?xml version="1.0" encoding="UTF-8"?><record xmlns="http://www.loc.gov/MARC21/slim" xmlns:zs="http://docs.oasis-open.org/ns/search-ws/sruResponse">
  <leader>00471nz  a2200133n  4500</leader>
  <controlfield tag="001">nr2004017988</controlfield>
  <controlfield tag="003">DLC</controlfield>
  <controlfield tag="005">20040623033110.0</controlfield>
  <controlfield tag="008">040611n| acannaabn          |n aaa     c</controlfield>
  <datafield ind1=" " ind2=" " tag="010">
    <subfield code="a">nr2004017988</subfield>
  </datafield>
  <datafield ind1=" " ind2=" " tag="040">
    <subfield code="a">UPB</subfield>
    <subfield code="b">eng</subfield>
    <subfield code="c">UPB</subfield>
  </datafield>
  <datafield ind1="1" ind2=" " tag="100">
    <subfield code="a">Münz, Sigmund,</subfield>
    <subfield code="d">1859-1934</subfield>
  </datafield>
  <datafield ind1=" " ind2=" " tag="670">
    <subfield code="a">Balkan-herrscher und -staatsmänner, 1912:</subfield>
    <subfield code="b">t.p. (Sigmund Münz)</subfield>
  </datafield>
  <datafield ind1=" " ind2=" " tag="670">
    <subfield code="a">RLIN, June 11, 2004</subfield>
    <subfield code="b">(hdg.: Münz, Sigmund; Münz, Sigmund, 1859-; Münz, Sigmund, 1859-1934; usage: Sigmund Münz)</subfield>
  </datafield>
</record>
